000 00547nam a2200205Ia 4500
003 IIN
005 20240122154556.0
008 231217s9999 xx 000 0 und d
020 _cRs.795.00
_a9788131257081
040 _aIIN
_bEnglish
082 _a610.730711
_bCLE
100 1 _aClement, I
245 1 _aManagement of Nursing Services & Edcation
_cI. Clement
250 _a.-3rd ed
260 _bElsevier
_aNew Delhi
_c2021
300 _axi, 720p.
650 1 _aManagement
_vNursing Services
650 1 _aEdcation in
_vNursing
942 _cBOOK
999 _c1609
_d1609